[Event "Indywidualne Mistrzostwa Polski Juniorow - C18"]
[Site "Szczyrk"]
[Date "2013-03-21"]
[Round "6.1"]
[White "Lewicki, Miroslaw"]
[Black "Jarmula, Pawel"]
[Result "0-1"]
[WhiteTitle "CM"]
[BlackTitle "k"]
[WhiteElo "2208"]
[BlackElo "2197"]

1. e4 c5 2. Nf3 d6 3. c4 g6 4. d4 Bg7 5. dxc5 Qa5+ 6. Nc3 Qxc5 7. Be2 Nc6 8. O-O
Nf6 9. Be3 Qa5 10. a3 O-O 11. b4 Qd8 12. Rc1 Be6 13. Qb3 Ng4 14. Bg5 h6 15. Bf4
f5 16. exf5 gxf5 17. b5 Na5 18. Qb4 b6 19. h3 Ne5 20. Nd4 Bd7 21. Rfd1 Rc8 22.
Nd5 Nf7 23. Bg3 e6 24. Nc3 e5 25. Nf3 Be6 26. Nd5 Qd7 27. Bh4 Bxd5 28. Rxd5 Nb7
29. Rcd1 Kh8 30. Qd2 Qe6 31. Qe3 Rce8 32. Bf1 Rg8 33. Kh1 Nc5 34. Nd2 Qg6 35.
f4 exf4 36. Qxf4 Be5 37. Qf2 Ng5 38. Bd3 Ref8 39. Qe2 Nge4 40. Nxe4 fxe4 41. Bc2
Rf4 42. g4 Rgf8 43. Bg3 Rf3 44. Bxe5+ dxe5 45. Qh2 Rf1+ 46. Rxf1 Rxf1+ 47. Kg2
Qf6 48. Qg3 Rc1 49. Bd1 Nd3 50. Rxd3 exd3 51. Qxd3 e4 52. Qd7 Rxc4 53. Qe8+ Kg7
54. Qd7+ Kf8 55. Qxa7 Rd4 56. Be2 e3 57. Qa8+ Rd8 58. Qf3 Qxf3+ 59. Kxf3 Re8 60.
h4 Kg7 61. Kf4 Kf6 62. g5+ hxg5+ 63. hxg5+ Kg7 64. Kf5 Ra8 65. Ke4 Rxa3 66. Bd3
Kg6 67. Kxe3+ Kxg5 68. Kd4 Kf4 69. Bg6 Ra1 70. Bh5 Rc1 71. Be2 Rc5 72. Bf1 Kf3
73. Bd3 Kf2 74. Bc4 Ke1 75. Kc3 Kd1 76. Kd3 Rg5 77. Be6 Rxb5 78. Kc4 Rg5 79. Kb4
Kd2 80. Bd7 Kd3 81. Bc6 Kd4 82. Ba8 Rg1 83. Bc6 Rb1+ 84. Ka4 Kc4 85. Ka3 b5 86.
Ka2 Rf1 87. Bd7 b4 0-1

[Event "Indywidualne Mistrzostwa Polski Juniorow - C18"]
[Site "Szczyrk"]
[Date "2013-03-21"]
[Round "6.2"]
[White "Mroziak, Maciej"]
[Black "Licznerski, Lukasz"]
[Result "0-1"]
[WhiteTitle "I++"]
[BlackTitle "FM"]
[WhiteElo "2149"]
[BlackElo "2331"]

1. c4 Nf6 2. Nc3 d5 3. cxd5 Nxd5 4. g3 g6 5. Bg2 Nb6 6. d3 Bg7 7. Be3 Nc6 8. Nf3
O-O 9. O-O e5 10. b4 Re8 11. b5 Nd4 12. a4 a6 13. a5 Nd7 14. bxa6 Rxa6 15. Nd2
Nf5 16. Qb3 c6 17. Nce4 Rxa5 18. Rxa5 Qxa5 19. g4 Nd4 20. Bxd4 exd4 21. Nd6 Rf8
22. Nxc8 Qxd2 23. Qxb7 Ne5 24. h3 Qxe2 25. Ne7+ Kh8 26. Nxc6 Nxd3 27. Qa7 Qb2
28. Qc7 Qc3 29. g5 Ne1 30. Qd6 d3 0-1

[Event "Indywidualne Mistrzostwa Polski Juniorow - C18"]
[Site "Szczyrk"]
[Date "2013-03-21"]
[Round "6.3"]
[White "Musialkiewicz, Jan"]
[Black "Nasuta, Grzegorz"]
[Result "1/2-1/2"]
[WhiteTitle "k+"]
[BlackTitle "k"]
[WhiteElo "2243"]
[BlackElo "2295"]

1. e4 c5 2. Nf3 d6 3. d4 cxd4 4. Nxd4 Nf6 5. Nc3 a6 6. Be3 e6 7. f3 b5 8. Qd2 Bb7
9. O-O-O Nbd7 10. g4 Nb6 11. Qf2 Nfd7 12. Bd3 Rc8 13. Nce2 Na4 14. Kb1 Ndc5 15.
g5 b4 16. h4 Qc7 17. Ka1 g6 18. Nb3 Bg7 19. Bd4 e5 20. Bxc5 Nxc5 21. Nxc5 Qxc5
22. Qxc5 Rxc5 23. c3 bxc3 24. Nxc3 Ke7 25. h5 h6 26. hxg6 fxg6 27. gxh6 Rxh6 28.
Rxh6 Bxh6 29. Rh1 Bg7 30. Kb1 Rc8 31. Nd5+ Bxd5 32. exd5 Rc5 33. Be4 a5 34. b3
Bf6 35. Rh7+ Kd8 36. Rh6 Rc1+ 37. Kb2 Rg1 38. Ka3 Bg5 39. Rxg6 Bc1+ 40. Ka4 Rxg6
41. Bxg6 Bd2 1/2-1/2

[Event "Indywidualne Mistrzostwa Polski Juniorow - C18"]
[Site "Szczyrk"]
[Date "2013-03-21"]
[Round "6.4"]
[White "Lewtak, Damian"]
[Black "Nowicki, Bartosz"]
[Result "1/2-1/2"]
[WhiteTitle "m"]
[BlackTitle "k"]
[WhiteElo "2224"]
[BlackElo "2156"]

1. e4 c5 2. Nf3 d6 3. Bb5+ Nd7 4. c3 Ngf6 5. Qe2 a6 6. Ba4 e6 7. d3 Be7 8. Nbd2
O-O 9. O-O b5 10. Bc2 Bb7 11. Rd1 Qc7 12. Nf1 e5 13. Ng3 g6 14. Bg5 Rfe8 15. h4
d5 16. h5 Nf8 17. hxg6 hxg6 18. Bh6 dxe4 19. dxe4 Ne6 20. Nh2 Bf8 21. Be3 Nf4
22. Qf3 c4 23. Ng4 Nxg4 24. Qxg4 Rad8 25. Qf3 Bc5 26. Bxc5 Qxc5 27. Ne2 Nxe2+
28. Qxe2 Qb6 29. b3 cxb3 30. Bxb3 Qc5 31. Qf3 Qe7 32. Qe3 Kg7 33. f3 Qc7 34. Rxd8
Rxd8 35. Rd1 Rxd1+ 36. Bxd1 Bc8 37. Bb3 Qd6 38. c4 bxc4 39. Bxc4 Be6 40. Bxe6
Qxe6 1/2-1/2

[Event "Indywidualne Mistrzostwa Polski Juniorow - C18"]
[Site "Szczyrk"]
[Date "2013-03-21"]
[Round "6.5"]
[White "Zochowski, Kacper"]
[Black "Malec, Sebastian"]
[Result "0-1"]
[WhiteTitle "I++"]
[BlackTitle "k"]
[WhiteElo "2083"]
[BlackElo "2171"]

1. e4 c5 2. Nf3 d6 3. d4 cxd4 4. Nxd4 Nf6 5. Nc3 a6 6. Bd3 e5 7. Nde2 Be6 8. O-O
Nbd7 9. Kh1 b5 10. a3 Qc7 11. f4 Nc5 12. Ng3 h5 13. fxe5 dxe5 14. Nf5 g6 15. Bg5
Nh7 16. Bh4 gxf5 17. Qxh5 Bg7 18. exf5 Bd7 19. Be4 Nf6 20. Qg5 O-O-O 21. Qxg7
Rxh4 22. Qxf6 Rdh8 23. h3 Nxe4 24. Nxe4 Bc6 25. Rae1 R8h5 26. Nf2 Rxh3+ 27. Nxh3
Rxh3+ 28. Kg1 Qb6+ 29. Rf2 Rh1+ 30. Kxh1 Bxg2+ 31. Kxg2 Qxf6 32. Re3 Qg5+ 33.
Rg3 Qc1 34. b4 f6 35. Rc3+ Kb7 36. Rd3 Qg5+ 37. Rg3 Qh6 38. Rh3 Qg5+ 39. Rg3 Qh4
40. Re2 Qf4 41. Rf2 Qe4+ 42. Kf1 a5 43. bxa5 Ka6 44. Rc3 Kxa5 45. Rff3 Qg4 46.
Rf2 Qd4 47. Rd3 Qc4 48. Ke1 Qc5 49. Rb3 Qd4 50. Rd3 Qe4+ 51. Kd2 Qg4 52. Ke1 Qg1+
53. Ke2 Qc1 54. Rc3 Qb2 55. Kd2 Qa1 56. Rd3 Qg1 57. Ke2 Qh1 58. Rf1 Qh5+ 59. Kd2
Qh2+ 60. Kc1 Qe2 61. Rdf3 e4 62. R3f2 Qe3+ 63. Kb2 Ka4 64. c3 Qc5 65. Rf4 Qxa3+
66. Kc2 Qa2+ 67. Kd1 Kb3 68. R4f2 Qb1+ 69. Kd2 Qd3+ 70. Ke1 Qxc3+ 71. Ke2 Qd3+
72. Ke1 Kc3 73. Re2 e3 74. Rg2 b4 75. Rgf2 Qd4 76. Ke2 0-1

[Event "Indywidualne Mistrzostwa Polski Juniorow - C18"]
[Site "Szczyrk"]
[Date "2013-03-21"]
[Round "6.6"]
[White "Tomsia, Kamil"]
[Black "Pietruszewski, Marcin"]
[Result "1-0"]
[WhiteTitle "I++"]
[BlackTitle "k"]
[WhiteElo "2141"]
[BlackElo "2107"]

1. b3 c5 2. c4 Nc6 3. g3 Nf6 4. Bg2 d5 5. cxd5 Nxd5 6. Nc3 Nc7 7. Bb2 e5 8. Nf3
Be7 9. O-O O-O 10. d3 Be6 11. Nd2 Qd7 12. Re1 Rac8 13. Nc4 f6 14. Rc1 Rfd8 15.
Ne4 b6 16. Qd2 Nb5 17. Red1 Nbd4 18. e3 Nf5 19. a4 Bf8 20. f4 exf4 21. gxf4 Qf7
22. Kh1 Nh4 23. Rg1 Kh8 24. Nf2 Qh5 25. Qd1 Qxd1 26. Rcxd1 Nxg2 27. Kxg2 Rb8 28.
Ba3 a6 29. Kf3 b5 30. Nd2 b4 31. Bb2 Na5 32. Nfe4 Be7 33. Rc1 Rbc8 34. d4 cxd4
35. Bxd4 Nxb3 36. Nxb3 Bxb3 37. Nc5 Bxc5 38. Bxc5 Bxa4 39. Bxb4 Rb8 40. Bc3 Bc6+
41. Kf2 Be4 42. Bd4 Rdc8 43. h4 Kg8 44. Kg3 Kf7 45. h5 a5 46. Ba7 Rxc1 47. Rxc1
Ra8 48. Rc7+ Kg8 49. Bd4 Rb8 50. h6 gxh6 51. Bxf6 Rb7 52. Rc4 Rb4 53. Rc8+ Kf7
54. Bc3 Rb5 55. Rc7+ Ke6 56. Ra7 Rb3 57. Bd4 Rb5 58. Ra6+ Kd7 59. Rxh6 a4 60.
Ra6 Bc2 61. Kf3 Rb4 62. Ra5 Rc4 63. f5 a3 64. Ra7+ Rc7 65. Ra5 Rc4 66. Kf4 Ra4
67. Rd5+ Ke8 68. Rc5 Bd3 69. Rc8+ Kd7 70. f6 Bg6 71. Rc1 a2 72. Kg5 Rxd4 73. exd4
Bb1 74. f7 a1=Q 75. f8=Q Qa5+ 76. Kh4 Bf5 77. Qc8+ Ke7 78. Rc7+ Kf6 79. Qd8+ Kg6
80. Qg5+ 1-0

[Event "Indywidualne Mistrzostwa Polski Juniorow - C18"]
[Site "Szczyrk"]
[Date "2013-03-21"]
[Round "6.7"]
[White "Stankiewicz, Pawel"]
[Black "Zielinski, Maciej"]
[Result "1-0"]
[WhiteTitle "k"]
[BlackTitle "I++"]
[WhiteElo "2108"]
[BlackElo "2091"]

1. e4 e5 2. Nf3 Nc6 3. Bb5 a6 4. Ba4 d6 5. O-O Nf6 6. Re1 Bd7 7. d4 Be7 8. Bxc6
Bxc6 9. Nc3 O-O 10. dxe5 dxe5 11. Qxd8 Raxd8 12. Nxe5 Bxe4 13. Nxe4 Nxe4 14. Nd3
f5 15. f3 Bc5+ 16. Nxc5 Nxc5 17. Bg5 Rd6 18. Be7 Rc6 19. Bxf8 Kxf8 20. Re5 g6
21. Rae1 Kf7 22. Re7+ Kf6 23. Rxh7 Ne6 24. c3 Rd6 25. Kf1 Rd8 26. Rxe6+ Kxe6 27.
Rxc7 Rd1+ 28. Ke2 Ra1 29. Rxb7 Rxa2 30. Rb6+ Kf7 31. Ke3 a5 32. h4 a4 33. g3 a3
34. bxa3 Rxa3 35. Rc6 Kg7 36. Kf4 Kh6 37. g4 fxg4 38. fxg4 Kg7 39. c4 Ra7 40.
Kg5 Kh7 41. c5 Rd7 42. Rd6 Re7 43. c6 Re5+ 44. Kf4 Rc5 45. Rd7+ 1-0

[Event "Indywidualne Mistrzostwa Polski Juniorow - C18"]
[Site "Szczyrk"]
[Date "2013-03-21"]
[Round "6.8"]
[White "Klimek, Marcin"]
[Black "Adamowicz, Maciej"]
[Result "1/2-1/2"]
[WhiteTitle "I"]
[BlackTitle "I++"]
[WhiteElo "1819"]
[BlackElo "2042"]

1. e4 c5 2. Nf3 g6 3. d4 cxd4 4. Nxd4 Bg7 5. Nc3 Nc6 6. Nb3 Nf6 7. Be2 O-O 8. Bg5
d6 9. O-O Be6 10. Kh1 Rc8 11. f4 a6 12. f5 Bd7 13. Qd2 Re8 14. Qf4 Ne5 15. Rad1
b5 16. Nd4 Bc6 17. Bd3 Bb7 18. Bxf6 Bxf6 19. Nd5 Bxd5 20. exd5 Qb6 21. c3 Qb7
22. fxg6 hxg6 23. Nc2 Kg7 24. Ne3 Rh8 25. Be2 Rh4 26. Qg3 Re4 27. Rf4 Rxf4 28.
Qxf4 Rh8 29. g3 Qc8 30. Rf1 Qc5 31. Rd1 Kf8 32. Kg2 Bg7 33. Ng4 Nxg4 34. Qxg4
Be5 35. Qf3 Kg7 36. h4 a5 37. Qf2 Qxf2+ 38. Kxf2 Rb8 39. a3 b4 40. axb4 axb4 41.
Rd3 bxc3 42. bxc3 Rc8 43. Re3 Rc7 44. Kf3 Bxc3 45. Ke4 Be5 46. g4 Ra7 47. Bb5
Ra5 48. Bd7 Ra2 49. h5 Rh2 50. hxg6 Kxg6 51. Rf3 Rd2 52. Be8 Bf6 53. g5 Kxg5 54.
Bxf7 Rd4+ 55. Ke3 Be5 56. Be6 Rb4 57. Rf5+ Kg6 58. Rf1 Rb3+ 1/2-1/2

[Event "Indywidualne Mistrzostwa Polski Juniorow - C18"]
[Site "Szczyrk"]
[Date "2013-03-21"]
[Round "6.9"]
[White "Borawski, Jakub"]
[Black "Grzeskow, Adrian"]
[Result "1-0"]
[WhiteTitle "I"]
[BlackTitle "I"]
[WhiteElo "1946"]
[BlackElo "1885"]

1. e4 c6 2. d4 d5 3. Nc3 dxe4 4. Nxe4 Nf6 5. Nxf6+ exf6 6. c3 Bd6 7. Bd3 O-O 8.
Ne2 Bg4 9. Qc2 h6 10. f3 Bc8 11. O-O Qc7 12. Kh1 Re8 13. c4 b6 14. f4 f5 15. b3
g6 16. Bb2 Bf8 17. Rf3 Bg7 18. Ng3 Qd6 19. Rd1 Na6 20. Qf2 Nc7 21. h3 Ne6 22.
Bxf5 gxf5 23. Nxf5 Qc7 24. d5 cxd5 25. Nxg7 Nxg7 26. Rg3 f6 27. Bxf6 Re7 28. Bxe7
Qxe7 29. f5 Qf6 30. Rxd5 Kh7 31. Qc2 Rb8 32. Rg6 Bxf5 33. Rxg7+ Kxg7 34. Qxf5
Qa1+ 35. Kh2 Rb7 36. Rd6 Rf7 37. Qg6+ Kf8 38. Rd8+ Ke7 39. Qd6+ 1-0

[Event "Indywidualne Mistrzostwa Polski Juniorow - C18"]
[Site "Szczyrk"]
[Date "2013-03-21"]
[Round "6.10"]
[White "Musialkiewicz, Pawel"]
[Black "Zareba, Grzegorz"]
[Result "1-0"]
[WhiteTitle "k"]
[BlackTitle "I"]
[WhiteElo "2182"]
[BlackElo "1968"]

1. Nf3 f5 2. d3 Nf6 3. e4 e5 4. exf5 d6 5. Nc3 Bxf5 6. d4 e4 7. Nh4 Bg4 8. Be2
Bxe2 9. Qxe2 d5 10. Bg5 Bb4 11. Qb5+ Nc6 12. Qxb7 Nxd4 13. O-O-O Rb8 14. Bxf6
gxf6 15. Qa6 Bxc3 16. bxc3 Rb6 17. Qa4+ Nc6 18. Rhe1 O-O 19. Nf5 Ne5 20. Rxd5
Qb8 21. Rxe4 Rb1+ 22. Kd2 c6 23. Rexe5 Rb7 24. Re7 Rxe7 25. Nxe7+ Kf7 26. Nxc6
Qxh2 27. Rd7+ Ke6 28. Nd4+ Ke5 29. Nf3+ 1-0

[Event "Indywidualne Mistrzostwa Polski Juniorow - C18"]
[Site "Szczyrk"]
[Date "2013-03-21"]
[Round "6.11"]
[White "Cukrowski, Filip"]
[Black "Budzinski, Jan"]
[Result "1/2-1/2"]
[WhiteTitle "k"]
[BlackTitle "I+"]
[WhiteElo "2163"]
[BlackElo "1984"]

1. e4 e6 2. d4 d5 3. Nc3 dxe4 4. Nxe4 Nd7 5. Bd3 c5 6. dxc5 Nxc5 7. Nxc5 Bxc5 8.
Nf3 Nf6 9. O-O O-O 10. Bg5 h6 11. Bh4 b6 12. Qe2 Bb7 13. Rad1 Qc7 14. Bxf6 gxf6
15. Be4 Rad8 16. Bxb7 Qxb7 17. c3 Qc7 18. Rxd8 Rxd8 19. Rd1 Rxd1+ 20. Qxd1 Kg7
21. Qd2 Qc6 22. Qe2 Qd5 23. b3 a5 24. Ne1 Bd6 25. Qd3 Qc6 26. Nc2 Be5 27. c4 f5
28. g3 Qc5 29. Kg2 Qc6+ 30. Kg1 Qc5 31. a3 Qc6 32. a4 Bf6 33. Ne1 Qc5 34. Kg2
Qc6+ 35. Qf3 Qxf3+ 36. Kxf3 e5 37. Nc2 Be7 38. h3 Bc5 39. Ke2 Kf6 40. Ne1 e4 41.
f4 h5 1/2-1/2

[Event "Indywidualne Mistrzostwa Polski Juniorow - C18"]
[Site "Szczyrk"]
[Date "2013-03-21"]
[Round "6.12"]
[White "Paszewski, Mateusz"]
[Black "Dzierzak, Radoslaw"]
[Result "1/2-1/2"]
[WhiteTitle "I++"]
[BlackTitle "I+"]
[WhiteElo "2065"]
[BlackElo "1912"]

1. Nf3 Nf6 2. g3 e6 3. Bg2 Be7 4. O-O O-O 5. c4 d5 6. b3 c5 7. Bb2 Nc6 8. cxd5
exd5 9. d4 b6 10. Nc3 Be6 11. e3 Rc8 12. dxc5 bxc5 13. Ne2 Qd7 14. Nf4 Bf5 15.
Rc1 Rfd8 16. Nd3 c4 17. Nde5 Nxe5 18. Nxe5 Qe6 19. bxc4 dxc4 20. Qa4 Rd2 21. Bd4
c3 22. Rxc3 Rxc3 23. Bxc3 Rxa2 24. Qb5 a6 25. Qb7 Bd6 26. Nc6 h6 27. Nd4 Qd7 28.
Qa8+ Kh7 29. Bc6 Qc8 30. Nxf5 Qxf5 31. Qb7 Kg8 32. Qa8+ Kh7 33. Qb7 Kg8 34. Qa8+
Kh7 35. Qb7 1/2-1/2

[Event "Indywidualne Mistrzostwa Polski Juniorow - C18"]
[Site "Szczyrk"]
[Date "2013-03-21"]
[Round "6.13"]
[White "Kwiatkowski, Wiktor"]
[Black "Kanarkiewicz, Michal"]
[Result "1-0"]
[WhiteTitle "I"]
[BlackTitle "I"]
[WhiteElo "1949"]
[BlackElo "2056"]

1. e4 c5 2. Nf3 Nc6 3. d4 cxd4 4. Nxd4 Qb6 5. Nb3 Nf6 6. Nc3 e6 7. Be3 Qc7 8. Bd3
Be7 9. O-O O-O 10. f4 d6 11. Qf3 a6 12. Rae1 Rb8 13. Qh3 e5 14. f5 Nb4 15. g4
d5 16. g5 d4 17. gxf6 Bxf6 18. Nxd4 exd4 19. Bf4 Be5 20. Bxe5 Qxe5 21. Ne2 Bd7
22. Qg3 Nxd3 23. cxd3 Qxg3+ 24. hxg3 Rfd8 25. Rc1 Bb5 26. Rfd1 Rd7 27. b3 Kf8
28. a4 Bc6 29. Rc4 Rbd8 30. Kf2 Rd6 31. Rdc1 Ke7 32. Kf3 g6 33. Kf4 gxf5 34. e5
Rd5 35. Rh1 Rg8 36. Kxf5 Ra5 37. Rh4 h6 38. Nxd4 Bd5 39. Rc7+ Kd8 40. Rc3 Rg6
41. Rh2 Kd7 42. g4 Bc6 43. Nxc6 bxc6 44. d4 Rd5 45. Rc4 a5 46. Rb2 Ke7 47. b4
axb4 48. Rbxb4 Ra5 49. Rb7+ Kf8 50. Rb6 Rd5 51. Ra6 Kg7 52. Kf4 Kh7 53. Ra7 Kg7
54. a5 c5 55. dxc5 Rc6 56. e6 Rcxc5 57. Rxc5 Rxc5 58. e7 Rc8 59. Ke5 Re8 60. a6
Kg6 61. Kd6 Kf6 62. Rb7 Ra8 63. Kd7 1-0

[Event "Indywidualne Mistrzostwa Polski Juniorow - C18"]
[Site "Szczyrk"]
[Date "2013-03-21"]
[Round "6.14"]
[White "Jachym, Adam"]
[Black "Eggink, Mateusz"]
[Result "0-1"]
[WhiteTitle "II+"]
[BlackTitle "I"]
[WhiteElo "1934"]
[BlackElo "2035"]

1. e4 c5 2. c3 d5 3. exd5 Qxd5 4. d4 e5 5. dxe5 Qxd1+ 6. Kxd1 Nc6 7. Bf4 Nge7 8.
Bd3 Ng6 9. Bxg6 hxg6 10. Nf3 Bf5 11. Ke2 c4 12. Nd4 Bd3+ 13. Kf3 g5 14. Bxg5 Nxe5+
15. Kg3 f6 16. Bf4 Kf7 17. Nd2 Nd7 18. Nb5 g5 19. Bd6 f5 20. f3 Bg7 21. Rae1 Bf6
22. Nc7 Rac8 23. Nd5 Rce8 24. Nxf6 Kxf6 25. Kf2 Re6 26. Rxe6+ Kxe6 27. Bc7 Rc8
28. Re1+ Kd5 29. Ba5 Ne5 30. b3 b5 31. Bb4 Rc7 32. Bf8 Rh7 33. h3 a5 34. b4 axb4
35. Bxb4 Ra7 36. a3 Nc6 37. Nf1 Nxb4 38. Ne3+ Kd6 39. axb4 Ra2+ 40. Kg1 f4 41.
Ng4 Rc2 42. Re5 Rxc3 43. Rxb5 Rc1+ 44. Kh2 c3 45. Rxg5 c2 46. Rc5 Re1 47. Nf2
Bh7 48. Ne4+ Bxe4 49. fxe4 c1=Q 50. Rxc1 Rxc1 51. h4 Ke5 0-1

[Event "Indywidualne Mistrzostwa Polski Juniorow - C18"]
[Site "Szczyrk"]
[Date "2013-03-21"]
[Round "6.15"]
[White "Faron, Rafal"]
[Black "Szewczyk, Mariusz"]
[Result "1-0"]
[WhiteTitle "I"]
[BlackTitle "I++"]
[WhiteElo "1894"]
[BlackElo "2093"]

1. d4 d6 2. Nf3 Nd7 3. c4 c6 4. Nc3 e5 5. e4 g6 6. Be2 Bg7 7. dxe5 dxe5 8. O-O
Qc7 9. b3 Ngf6 10. Ba3 Bf8 11. Bb2 Be7 12. Qc2 O-O 13. Nd1 Nh5 14. c5 Nf4 15.
b4 b6 16. cxb6 axb6 17. b5 Nxe2+ 18. Qxe2 Bf6 19. Ne3 Nc5 20. Qc2 Re8 21. bxc6
Qxc6 22. Nd5 Bg7 23. Rfe1 Bb7 24. Rac1 f5 25. Qc4 Kh8 26. Ng5 Bf6 27. Nf7+ Kg7
28. Nxf6 Kxf6 29. Nxe5 Rxe5 30. f4 Qe6 31. Bxe5+ Kf7 32. Qxe6+ Kxe6 33. exf5+
Kxf5 34. Re2 Ba6 35. Rd2 g5 36. g3 Rg8 37. Rb1 Ne4 38. Rd4 Nc3 39. Rxb6 Ne2+ 40.
Kf2 Nxd4 41. Rxa6 Nc2 42. a3 h5 43. h3 Re8 44. Ra5 Ke4 45. Ra4+ Kd3 46. Ra7 Ke4
47. h4 g4 48. Ke2 Rd8 49. Ra6 Rc8 50. Ra4+ Kf5 51. Kd2 Rc6 52. Ra5 Kg6 53. Bb2
1-0

[Event "Indywidualne Mistrzostwa Polski Juniorow - C18"]
[Site "Szczyrk"]
[Date "2013-03-21"]
[Round "6.16"]
[White "Jaskolka, Tomasz"]
[Black "Poswiatowski, Michal"]
[Result "0-1"]
[WhiteTitle "I++"]
[BlackTitle "I+"]
[WhiteElo "2038"]
[BlackElo "2076"]

1. e4 c5 2. Nf3 Nc6 3. d4 cxd4 4. Nxd4 Nf6 5. Nc3 d6 6. Bg5 h6 7. Bxf6 gxf6 8.
Bc4 h5 9. f4 Bd7 10. Qd2 a6 11. O-O h4 12. Kh1 e6 13. Rae1 Be7 14. a4 Qa5 15.
Nb3 Qc7 16. Be2 Na5 17. Nxa5 Qxa5 18. Bf3 Bc6 19. Qe2 h3 20. g3 f5 21. exf5 Qxf5
22. Bxc6+ bxc6 23. g4 Qa5 24. Qc4 Kd7 25. f5 Rh6 26. g5 Bxg5 27. b4 Qd8 28. fxe6+
fxe6 29. Ne4 Qg8 30. Nxg5 Qxg5 31. Rf7+ Ke8 32. Rf2 Qd5+ 33. Qxd5 cxd5 34. Ref1
O-O-O 35. Rf7 Rd7 36. b5 Rxf7 37. Rxf7 axb5 38. axb5 Rh4 39. Kg1 Rb4 40. Rf6 Kd7
41. Rf7+ Ke8 42. Rh7 Rxb5 43. Rxh3 Rb2 44. Re3 Kf7 45. Re2 Kf6 46. Kf2 Kf5 47.
Ke3 Rb4 48. Rf2+ Ke5 49. Rg2 Rh4 50. Rg5+ Kf6 51. Rg2 e5 52. Kd3 Rh3+ 53. Ke2
Kf5 54. Kd2 d4 55. Re2 e4 56. Rg2 d5 57. Ke2 Ke5 58. Kd2 Kd6 59. Ke2 Kc5 0-1

[Event "Indywidualne Mistrzostwa Polski Juniorow - C18"]
[Site "Szczyrk"]
[Date "2013-03-21"]
[Round "6.17"]
[White "Lapaj, Mateusz"]
[Black "Chmiel, Marcin"]
[Result "1/2-1/2"]
[WhiteTitle "I++"]
[BlackTitle "I+"]
[WhiteElo "2044"]
[BlackElo "1978"]

1. e4 c5 2. Nc3 Nc6 3. Nge2 g6 4. d4 cxd4 5. Nxd4 Bg7 6. Be3 Nf6 7. Bc4 O-O 8.
Bb3 d6 9. f3 Bd7 10. Qd2 Nxd4 11. Bxd4 b5 12. Nd5 Nxd5 13. Bxg7 Kxg7 14. Bxd5
Rc8 15. O-O-O a5 16. a3 Qb6 17. Kb1 b4 18. axb4 axb4 19. Qd4+ Qxd4 20. Rxd4 Rb8
21. Rhd1 g5 22. Rc4 Rfc8 23. Rxc8 Bxc8 24. b3 Ba6 25. Kb2 Kf6 26. Ra1 Rb6 27.
Bc4 Bb7 28. Ra5 e6 29. Kc1 g4 30. Kd2 gxf3 31. gxf3 d5 32. exd5 exd5 33. Bd3 Ke5
34. Ke3 Rh6 35. f4+ Kd6 36. Ra7 Kc7 37. Kd4 Kb6 38. Ra4 Rxh2 39. Rxb4+ Kc7 40.
Ke5 h5 41. c4 Rd2 42. Bf5 d4 43. Rb5 h4 44. Be4 f6+ 45. Kf5 Bxe4+ 46. Kxe4 h3
47. Rh5 h2 48. f5 d3 49. Ke3 Rb2 50. Kxd3 Rxb3+ 51. Kd4 Rf3 52. Ke4 Rf2 53. Ke3
1/2-1/2

[Event "Indywidualne Mistrzostwa Polski Juniorow - C18"]
[Site "Szczyrk"]
[Date "2013-03-21"]
[Round "6.18"]
[White "Suliborski, Jakub"]
[Black "Adamczewski, Jedrzej"]
[Result "1-0"]
[WhiteTitle "I++"]
[BlackTitle "I"]
[WhiteElo "1996"]
[BlackElo "1861"]

1. e4 c5 2. Nf3 Nc6 3. Bb5 g6 4. O-O Bg7 5. c3 Nf6 6. Re1 O-O 7. e5 Nd5 8. d4 cxd4
9. cxd4 Nc7 10. Ba4 b5 11. Bb3 d5 12. h3 a5 13. a4 b4 14. Nbd2 Ba6 15. Nf1 Bxf1
16. Kxf1 Qc8 17. Be3 e6 18. Qd2 Qa6+ 19. Kg1 Rfc8 20. Bh6 Bh8 21. Ng5 Nd8 22.
Qf4 Bg7 23. Qh4 Bh8 24. Re3 Ne8 25. Rf3 Qb7 26. Bd1 Qe7 27. Bf8 Kxf8 28. Nxh7+
Kg8 29. Qxe7 Kxh7 30. Qxe8 1-0

[Event "Indywidualne Mistrzostwa Polski Juniorow - C18"]
[Site "Szczyrk"]
[Date "2013-03-21"]
[Round "6.19"]
[White "Worobiej, Daniel"]
[Black "Gora, Jan"]
[Result "1-0"]
[WhiteTitle "I"]
[BlackTitle "I"]
[WhiteElo "1859"]
[BlackElo "1961"]

1. e4 c5 2. Nf3 Nc6 3. d4 cxd4 4. Nxd4 Nf6 5. Nc3 e6 6. Be3 Bb4 7. Nxc6 bxc6 8.
Qd3 Qa5 9. Bd2 d5 10. exd5 exd5 11. Be2 O-O 12. O-O Qc7 13. Bf3 Bd6 14. h3 Rb8
15. b3 Nd7 16. Be3 Ne5 17. Qd1 Nxf3+ 18. Qxf3 Bb7 19. Bxa7 Ra8 20. Be3 d4 21.
Bxd4 c5 22. Nb5 Qd7 23. Qg4 Qxg4 24. hxg4 Ba6 25. Nxd6 Bxf1 26. Bxc5 Ba6 27. a4
Bc8 28. Nxc8 Rfxc8 29. b4 f6 30. c3 Rxc5 31. bxc5 Ra5 32. c6 Rc5 33. a5 Rxc6 34.
a6 Rc8 35. a7 Ra8 36. Kh2 Kf7 37. f4 Ke6 38. Kg3 Kd5 39. Ra4 Kc5 40. c4 Kb6 41.
Kh4 g6 42. g5 f5 43. g4 1-0

[Event "Indywidualne Mistrzostwa Polski Juniorow - C18"]
[Site "Szczyrk"]
[Date "2013-03-21"]
[Round "6.20"]
[White "Lopuszanski, Kamil"]
[Black "Kuspak, Aleksander"]
[Result "1/2-1/2"]
[WhiteTitle "I"]
[BlackTitle "I"]
[WhiteElo "1870"]
[BlackElo "1926"]

1. d4 Nf6 2. c4 c5 3. d5 e6 4. Nc3 exd5 5. cxd5 d6 6. e4 g6 7. Nf3 Bg7 8. h3 O-O
9. Bd3 b5 10. Bxb5 Nxe4 11. Nxe4 Qa5+ 12. Nfd2 Qxb5 13. Nxd6 Qa6 14. N2c4 Nd7
15. O-O Nb6 16. Nxb6 axb6 17. Nxc8 Raxc8 18. a3 Rfd8 19. Qf3 Qc4 20. Rd1 Qc2 21.
Bg5 Rd7 22. Rd2 Qa4 23. Re1 h6 24. Bf6 b5 25. Qc3 Bf8 26. h4 Qf4 27. h5 g5 28.
g3 Qf5 29. Qe5 Qg4 30. Qe4 Qxe4 31. Rxe4 Bg7 32. Bxg7 Kxg7 33. Kg2 Kf6 34. f4
gxf4 35. gxf4 Rd6 36. Kf3 c4 37. Re3 Kf5 38. Re5+ Kf6 39. Rc2 Rb6 40. Ke4 b4 41.
Kd4 c3 42. bxc3 bxa3 43. Ra2 Ra6 44. c4 Ra4 45. Kd3 Rcxc4 46. Rxa3 Rxf4 47. Rxa4
Rxa4 48. Re8 Kg5 49. Ke3 Kf6 50. d6 Ra7 51. Ke4 Kg5 52. Re5+ Kf6 53. Re8 Kg5 54.
Re7 f5+ 55. Ke5 Ra5+ 56. Ke6 Ra6 57. Rf7 Kxh5 58. Rxf5+ Kg4 1/2-1/2

[Event "Indywidualne Mistrzostwa Polski Juniorow - C18"]
[Site "Szczyrk"]
[Date "2013-03-21"]
[Round "6.21"]
[White "Knapik, Andrzej"]
[Black "Kowalczyk, Adam"]
[Result "1-0"]
[WhiteTitle "I"]
[BlackTitle "II+"]
[WhiteElo "1913"]
[BlackElo "1878"]

1. e4 c5 2. Nf3 e6 3. d4 cxd4 4. Nxd4 Nf6 5. Nc3 Nc6 6. Be2 Bb4 7. O-O Bxc3 8.
bxc3 Nxe4 9. Bd3 d5 10. Ba3 Qa5 11. Qc1 Bd7 12. Rb1 Nxd4 13. cxd4 O-O-O 14. Bb4
Qa4 15. c4 Kb8 16. f3 Nf6 17. Bd6+ Ka8 18. Qb2 Bc6 19. c5 e5 20. Bxe5 Nd7 21.
Bc7 Rc8 22. Bd6 Rhe8 23. Bf5 Qa6 24. Qc3 g6 25. Bc2 Re6 26. Rfe1 Rce8 27. Bd3
Qa4 28. Red1 a6 29. Bc2 Qxa2 30. Ra1 Qc4 31. Qxc4 dxc4 32. d5 Bxd5 33. Rxd5 Nf6
34. Rd4 Re2 35. Rxc4 Nd5 36. Be4 Ne3 37. Rxa6# 1-0

[Event "Indywidualne Mistrzostwa Polski Juniorow - C18"]
[Site "Szczyrk"]
[Date "2013-03-21"]
[Round "6.22"]
[White "Dzikowski, Michal"]
[Black "Gabryjalowicz, Jakub"]
[Result "1/2-1/2"]
[WhiteTitle "I"]
[BlackTitle "I"]
[WhiteElo "1879"]
[BlackElo "1779"]

1. d4 d5 2. c4 c6 3. cxd5 cxd5 4. Nc3 Nf6 5. Nf3 Nc6 6. Bf4 Bf5 7. e3 a6 8. Bd3
Bxd3 9. Qxd3 e6 10. O-O Bd6 11. Bg5 O-O 12. a3 Na5 13. Nd2 Bxh2+ 14. Kh1 Bd6 15.
g3 h6 16. Bxf6 Qxf6 17. b4 Nc6 18. Kg2 b5 19. Rac1 Rac8 20. Nb3 Rfd8 21. f4 Rc7
22. Ne2 Rdc8 23. Nc5 Nb8 24. Rc3 Bxc5 25. dxc5 Nc6 26. Nd4 Rd8 27. Nxc6 Rxc6 28.
Qd4 Qe7 29. Rd3 f6 30. Rfd1 a5 31. Qa1 Ra6 32. Qc3 axb4 33. axb4 Ra2+ 34. R1d2
Rxd2+ 35. Rxd2 e5 36. fxe5 fxe5 37. Qb3 Qf7 38. Qd3 e4 39. Qxb5 Qf3+ 40. Kh2 Qxe3
41. Re2 Qf3 42. c6 Kh8 43. c7 Rc8 44. Rg2 Qf7 45. Rc2 Qh5+ 1/2-1/2

[Event "Indywidualne Mistrzostwa Polski Juniorow - C18"]
[Site "Szczyrk"]
[Date "2013-03-21"]
[Round "6.23"]
[White "Budnik, Mateusz"]
[Black "Prominski, Piotr"]
[Result "1/2-1/2"]
[WhiteTitle "II+"]
[BlackTitle "I"]
[WhiteElo "1701"]
[BlackElo "1834"]

1. f4 d5 2. b3 Nf6 3. Bb2 g6 4. Nf3 Bg7 5. e3 O-O 6. h3 c5 7. Be2 Nc6 8. O-O Rb8
9. Bb5 Qc7 10. Bxc6 Qxc6 11. Ne5 Qb6 12. Nc3 Qd8 13. Na4 Qa5 14. Qe2 Nd7 15. Bc3
Qc7 16. Nxd7 Bxd7 17. Bxg7 Kxg7 18. Nc3 Bc6 19. g4 b5 20. Qf2 Rbd8 21. Ne2 Bb7
22. g5 d4 23. exd4 Qc6 24. Kh2 f6 25. gxf6+ exf6 26. Rg1 Qf3 27. Qxf3 Bxf3 28.
Ng3 Kf7 29. Rgf1 Bb7 30. Rae1 cxd4 31. d3 Rfe8 32. Ne4 Bd5 33. Rf2 Rd7 34. Rfe2
Rc8 35. Kg3 h6 36. Rc1 f5 37. Nd2 Re7 38. Rxe7+ Kxe7 39. Nf3 Kf6 40. Nxd4 Re8
41. Kf2 b4 42. Nb5 a5 43. Nc7 Rd8 44. Nxd5+ Rxd5 45. Ke3 Rc5 46. Kd4 Rc3 47. Ke3
g5 48. Kd2 gxf4 49. Ke2 Ke5 50. Kf3 Rc5 51. Re1+ Kd4 52. Re2 Re5 53. Rh2 Re1 54.
Kxf4 Rf1+ 55. Kg3 Ke3 56. Rg2 1/2-1/2